01592nam a2200385 a 45000010008000000030009000080050017000170070008000340080041000420200018000830400022001010920032001231000037001552450097001922500012002892600052003013000036003534900010003895000046003995050101004456500038005466500039005846500049006236500036006726500039007087000022007478300010007699100037007799420012008169450039008289520152008679520154010199560018011739990015011910000241DO-SdBNP20180306102936.00000241150130s20uu dr abc 000 0 spa d a9789945444042 aBPMSUbspacBPMSU a372.7 bR788m 2do 20001 a Rosa, María del Jesús de la10aMatemática 2 :b[educación básica] /cMaría del Jesús de la Rosa, Antonia Medrano  a2a. ed. aSanto Domingo :bActualidad Escolar 2000,c2010 a192 p. :bil., retrs. ;c28 cm.1 aSigma aLa biblioteca posee el Libro del maestro.1 av. 2 :tLa ciudad --tMi deporte favorito --tDe visita en el banco --tLa plaza comercial -- aMATEMATICASxENSEÑANZA BÁSICA aMATEMATICASxENSEÑANZA ELEMENTAL aEDUCACIÓN PRIMARIAzREPÚBLICA DOMINICANA aMATEMÁTICASxLIBROS DE TEXTOS aMATEMATICASxESTUDIOS Y EJERCICIOS12aMedrano, Antonia 0aSigma aValidado. Control de calidad MFF 2ddccBK aRemanejado para la BNPHU / 2018 VM 00102ddc40708CEaBPMETbBPMETd2016-04-05eDonaciónl0o372.7 R788m, 2do. 2000 Libro del maestropBPMSU16040097r2016-04-05w2016-04-05yBK 00102ddc4070aBPMETbBPMETd2016-04-05eDonaciónl0o372.7 R788m, 2do. 2000 Libro del maestropBPMSU16040098r2016-04-05te. 2w2016-04-05yBK aYLOCKWARDb10 c9538d9538